| 000 | 01294cam a2200385 a 4500 | ||
|---|---|---|---|
| 001 | 783767 | ||
| 003 | ARRUPE | ||
| 005 | 20160811120950.0 | ||
| 008 | 890927s1989 sw a b 000 0 eng | ||
| 010 | _a 89202204 | ||
| 020 | _a9171062912 | ||
| 035 | _a(OCoLC)20336827 | ||
| 035 | _a(OCoLC)ocm20336827 | ||
| 035 | _a(CStRLIN)NYCG89-B69804 | ||
| 035 | _a(NNC)783767 | ||
| 040 |
_aDLC _cDLC _dDLC |
||
| 043 | _af-tz--- | ||
| 050 | 0 | 0 |
_aDT1 _b.N64 no. 84 _aHX448.5.A6 |
| 082 | 0 | 0 |
_a320.5/31/09678 _220 |
| 090 |
_aDT1 _b.N64 no. 84 |
||
| 100 | 1 |
_aHedlund, Stefan, _d1953- _924831 |
|
| 245 | 1 | 0 |
_aIdeology as a determinant of economic systems : _bNyerere and ujamaa in Tanzania / _cStefan Hedlund, Mats Lundahl. |
| 260 |
_aUppsala : _bScandinavian Institute of African Studies, _c1989. |
||
| 300 |
_a54 p. : _bill. ; _c25 cm. |
||
| 490 | 1 |
_aResearch report, _x0080-6714 ; _v84 |
|
| 504 | _aIncludes bibliographical references (p. 53-54). | ||
| 650 | 0 |
_aSocialism _zTanzania. _924832 |
|
| 650 | 0 |
_aRural development _zTanzania. _95321 |
|
| 650 | 0 |
_aIdeology. _99080 |
|
| 651 | 0 |
_aTanzania _xEconomic policy. _924833 |
|
| 700 | 1 |
_aLundahl, Mats, _d1946- _924834 |
|
| 830 | 0 |
_aResearch report (Nordiska Afrikainstitutet) ; _vno. 84. _924835 |
|
| 942 |
_2lcc _cMONOGRAPH |
||
| 999 |
_c124925 _d124925 |
||